| 000 | 00959nas a2200301 4500 | ||
|---|---|---|---|
| 001 | BR2013007703 | ||
| 003 | BR-BrBNA | ||
| 005 | 20231205123006.0 | ||
| 007 | ta | ||
| 008 | 230509b bl.|||p| |||| 00| 00por d | ||
| 040 |
_aBR-BrBNA _bpor _cBiblioteca Nacional de Agricultura |
||
| 041 | _a(Pt) | ||
| 072 | _aQ02 | ||
| 100 | 1 | _aMorais, S.J. da S. | |
| 100 | 1 | _aDevilla, I.A. | |
| 100 | 1 | _aFerreira, D.A. | |
| 100 | 1 | _aTeixeira, I.R. | |
| 245 | 1 | _aModelagem matemática das curvas de secagem e coeficiente de difusão de grãos de feijão-caupi (Vigna unguiculata (L.)Walp.) | |
| 650 | _aFEIJÃO DE CORDA | ||
| 650 | _aVIGNA UNGUICULATA | ||
| 650 | _aSECAGEM | ||
| 650 | _aMODELO MATEMÁTICO | ||
| 650 | _aTEOR DE UMIDADE | ||
| 650 | _aARMAZENAMENTO | ||
| 773 | 0 |
_tRevista Ciência Agronômica (Brazil) _xISSN 0045-6888 _g(Jul-Sep 2013), v. 44(3) p. 455-463 _wBR2013007703 |
|
| 909 |
_a202311 _bLúcia _c55 _dLúcia Elande |
||
| 942 |
_2AGRIS _n0 _cANA |
||
| 999 |
_c231656 _d231656 |
||